000 00530nam a2200181Ia 4500
008 090124s9999 xx 000 0 und d
082 _b23961
_a1454
100 _aजाधव टी. के.
245 _a अभिनय कसा करावा
250 _a1
260 _c1983
300 _a188
600 _aजाधव टी. के.
630 _a अभिनय कसा करावा
700 _aजाधव टी. के.
730 _a अभिनय कसा करावा
942 _cBOOK
999 _c137541
_d137541